00477 2200193 4500001002100000005001500021008004100036020001800077035002500095041000800120082000800128090000800136100001800144245003500162250001600197260003300213300002700246650001000273INLIS00000000000018720130515111628 ind  a979-3600-48-9 a0010-051300000000187 aind aFik aFik aMoammar, Emka a365 Hari 3 Cinta 2 Selingkuhan aCetakan : 1 aTanggerangbGagasMediac2005 aviii, 134 hlm. ;18 cm. aFiksi